Statistics for Cities that End in Z by Clue

Click here to take the quiz!

General Stats

  • This quiz has been taken 198 times
  • The average score is 8 of 16

Answer Stats

ClueAnswer% Correct
Capital of LiechtensteinVaduz
96%
World capital with the highest elevationLa Paz
94%
This city is located at the southern terminus of Egypt's canalSuez
88%
Austria's biggest cities after ViennaGraz
69%
City that is considered to be the cultural capital of Iran - also the namesake of a wineShiraz
69%
Four-letter Polish city that is country's film capitalŁódź
63%
Mexican city located adjacent to El PasoCiudad Juárez
59%
Austria's biggest cities after ViennaLinz
59%
Most populous city in BoliviaSanta Cruz
52%
Most populous city in Iran where Azerbaijani is the most commonly spoken languageTabriz
38%
German K city whose name originates from the Latin cōnfluentēs, meaning " confluence"Koblenz
31%
Where Johannes Gutenberg invented his printing pressMainz
26%
City east of Metro Manila - the most populous municipality in the Philippines
(Hint: a very common last name in Latin America)
Rodriguez
23%
City in Mexico with the namesake of the state in which it is locatedVeracruz
23%
Capital of the Iranian province of KhuzestanAhvaz
20%
Third most populous city in YemenTaiz
20%

Score Distribution

Percentile by Number Answered

Percent of People with Each Score

Your Score History

You have not taken this quiz